书目信息 |
| 题名: |
简明英汉科技贸易词典
|
|
| 作者: | 本书编写组 编 | |
| 分册: | ||
| 出版信息: | 北京 化学工业出版社 1997.08 |
|
| 页数: | 532页 | |
| 开本: | 32开 | |
| 丛书名: | ||
| 单 册: | ||
| 中图分类: | F7-61 | |
| 科图分类: | ||
| 主题词: | 商业经济 | |
| 电子资源: | ||
| ISBN: | 7-5025-1886-X | |
| 000 | 00575nam0 2200193 45 | |
| 001 | 0010061034 | |
| 005 | 20001006100941.6 | |
| 010 | @a7-5025-1886-X@d38.00元 | |
| 100 | @a20001006d1997 km y0chiy0120 ea | |
| 101 | 0 | @achi |
| 105 | @a z 000yy | |
| 200 | 1 | @a简明英汉科技贸易词典@AJian Ming Ying Han Ke Ji Mao Yi Ci Dian@f本书编写组编@FBen Shu Bian Xie Zu Bian |
| 210 | @a北京@c化学工业出版社@d1997.08 | |
| 215 | @a532页@d32开 | |
| 606 | 0 | @a商业经济 |
| 690 | @aF7-61@v3 | |
| 701 | 0 | @a本书编写组@4编 |
| 801 | @aCN@bPftUser@c20001006 | |
| 905 | @b167739-741@dF7-61@eJ:918@f3 | |
| 简明英汉科技贸易词典/本书编写组编.-北京:化学工业出版社,1997.08 |
| 532页;32开 |
| ISBN 7-5025-1886-X:38.00元 |
| ● |
| 相关链接 |
|
|
|
正题名:简明英汉科技贸易词典
索取号:F7-61/J:918
 
预约/预借
| 序号 | 登录号 | 条形码 | 馆藏地/架位号 | 状态 | 备注 |
| 1 | 167739 | 201677391 | 社科库409/409社科库 40排4列4层/ [索取号:F7-61/J:918] | 在馆 | |
| 2 | 167740 | 201677408 | 社科库409/422社科库 36排1列4层/ [索取号:F7-61/J:918] | 在馆 | |
| 3 | 167741 | 201677417 | 社科库409/422社科库 36排1列4层/ [索取号:F7-61/J:918] | 在馆 |